Where men still dream (Record no. 119290)
[ view plain ]
| 000 -LEADER | |
|---|---|
| fixed length control field | 00410nam a22001337a 4500 |
| 008 - FIXED-LENGTH DATA ELEMENTS--GENERAL INFORMATION | |
| fixed length control field | 131216b xxu||||| |||| 00| 0 eng d |
| 050 ## - LIBRARY OF CONGRESS CALL NUMBER | |
| Classification number | SPC DT732,G75 |
| 100 ## - MAIN ENTRY--PERSONAL NAME | |
| Personal name | Green, Lawrence George |
| 9 (RLIN) | 5795 |
| 245 ## - TITLE STATEMENT | |
| Title | Where men still dream |
| 260 ## - PUBLICATION, DISTRIBUTION, ETC. (IMPRINT) | |
| Place of publication, distribution, etc | Cape Town |
| Name of publisher, distributor, etc | Howard B. Timmins |
| Date of publication, distribution, etc | 1945 |
| 300 ## - PHYSICAL DESCRIPTION | |
| Extent | 280p. |
| Dimensions | 21cm |
| 650 ## - SUBJECT ADDED ENTRY--TOPICAL TERM | |
| Topical term or geographic name as entry element | Voyages & travels; South Africa - Description & travel |
| 9 (RLIN) | 5796 |
| 942 ## - ADDED ENTRY ELEMENTS (KOHA) | |
| Source of classification or shelving scheme | Library of Congress Classification |
| Item type | Monograph ( Printed materials) |
| Withdrawn status | Lost status | Source of classification or shelving scheme | Damaged status | Not for loan | Home library | Current library | Date acquired | Total Checkouts | Full call number | Barcode | Date last seen | Price effective from | Koha item type | Collection code | Shelving location | Copy number |
|---|---|---|---|---|---|---|---|---|---|---|---|---|---|---|---|---|
| Library of Congress Classification | ARRUPE LIBRARY | ARRUPE LIBRARY | 16/12/2013 | SPC DT732,G75 | 464122662 | 16/12/2013 | 16/12/2013 | SPC | ||||||||
| Library of Congress Classification | ARRUPE LIBRARY | ARRUPE LIBRARY | 28/01/2016 | SPC DT732,G75 | 46500006072 | 28/01/2016 | 28/01/2016 | SPC | SPECIAL Collection | Main Collection | 2 |